000 00544nam a2200181Ia 4500
003 GCL
008 140319s9999 xx 000 0 ara d
040 _aGCL /
_cGCL
082 0 4 _a785.092
_bد هـ
100 1 _aدار الراتب الجامعية
245 1 0 _aهايدن: فرانز هايدن /
_cدار الراتب الجامعية
300 _a70 ص
490 _a100 قصة
_v0
650 0 4 _aالتراجم
650 0 4 _aالموسيقيون النمساويون
650 0 4 _aالموسيقيون - تراجم
942 _2ddc
_cBK
999 _c46436
_d46436